Vista normal
Vista MARC
Entrada Personal Name
Número de registros utilizados en: 4
001 - CONTROL NUMBER
- control field: 969
003 - CONTROL NUMBER IDENTIFIER
- control field: OSt
005 - DATE AND TIME OF LATEST TRANSACTION
- control field: 20180716120502.0
008 - FIXED-LENGTH DATA ELEMENTS
- fixed length control field: 150922 a|ac|n|aab||||||||||||a |n|||||||
010 ## - LIBRARY OF CONGRESS CONTROL NUMBER
- LC control number: 2007049000
040 ## - CATALOGING SOURCE
- Original cataloging agency: OSt
- Transcribing agency: OSt
100 1# - HEADING--PERSONAL NAME
- Personal name: Schiavon, Jorge A.
375 ## - GENDER
- Gender: Masculino
377 ## - ASSOCIATED LANGUAGE
- Language code: spa
400 1# - SEE FROM TRACING--PERSONAL NAME
- Personal name: Schiavon Uriegas, Jorge Alberto
400 1# - SEE FROM TRACING--PERSONAL NAME
- Personal name: Uriegas, Jorge Alberto Schiavon